LEADER 01058nas a2200241 i 4500 001 000000135193 003 CaOOAMICUS 005 20050224000000.0 008 050224b2004 it uu u0 0ita r 013 $a108488 040 $aSeMil$bita 245 14$aUna valle di monti e... di lago :$bla Valtravaglia /$ctesto e fotografie di Paolo Cottini. 260 $aVarese :$bFORMAS,$c2004$e(Azzate (Va) :$fArti Grafiche Tibiletti,$g2004) 300 $a15 p. :$briccamente ill. ;$c30 cm. 500 $aTitolo e formulazione di responsabilità dalla copertina. 700 1 $aCottini, Paolo.$0(OLS)http://semarc/name/20418 773 0 $tLombardia Nord-Ovest.$dVarese : [s.n.], [1958?]$w()3252 774 0 $t[vedi periodico].$w()260116 850 $aSeMil 852 $aSeMil$W1$xVenegono$y1$m199 5 47/A$j88877$B88877$CSeMilBibl$Z2$F93512 $85 961 $aOmaggio: Camera di Commercio 996 $6245$aUna valle di monti e... di lago :$bla Valtravaglia$9(OLS)http://semarc/title/197768 996 $6260$aVarese :$bFORMAS$9(OLS)http://semarc/publisher/46878 LEADER 00896nam a2200205 i 4500 001 000000056449 003 CaOOAMICUS 005 19970812000000.0 008 970812s1947 it u000 u ita u 013 $a27621 040 $aSeMil$bita 245 10$aMovimenti spirituali. Opere :$bA-B. 300 $aXV, 491 p., [41] c. di tav., [63] p. di tav. :$bill. 650 4$aMovimenti letterari.$0(OLS)http://semarc/subject/11436 700 1 $aBompiani .$0(OLS)http://semarc/name/398 773 0 $tDizionario letterario Bompiani delle opere e dei personaggi di tutti i tempi e di tutte le letterature.$gVolume1$w()1193 773 0 $t[Dizionario Letterario Bompiani].$dMilano : Bompiani, 1947-1957.$w()6725 850 $aSeMil 852 $aSeMil$W1$xVenegono$y1$mSL1.C III 1$j22603$B22603$CSeMilBibl$Z2$F22605 $8I 996 $6245$aMovimenti spirituali. Opere :$bA-B$9(OLS)http://semarc/title/87773